000 00511nam a2200193 a 4500
001 1771566772069
003 YourLibrary
005 20260220113016.0
008 260220s2000##################000#0#eng##
020 _a9780262024709
082 0 4 _a336.200973
_bPRA
100 1 _aBradford, David F.,
_eauthor.
245 1 0 _aTaxation, Wealth, and Saving :
260 _bMIT Press,
_c2000.
300 _a570 pages
650 0 _aBusiness & Economics.
942 _cENGLISH
040 _aYourLibrary
_beng
_cYourLibrary
999 _c613661
_d613661